The effects of short-chain branching and comonomer type on the interfacial tension of polypropylene-polyolefin elastomer blends (Record no. 70666)

MARC details
000 -LEADER
fixed length control field 00551nam a2200169Ia 4500
100 ## - MAIN ENTRY--AUTHOR NAME
Personal name Carriere C J
245 #4 - TITLE STATEMENT
Title The effects of short-chain branching and comonomer type on the interfacial tension of polypropylene-polyolefin elastomer blends
260 ## - PUBLICATION, DISTRIBUTION, ETC. (IMPRINT)
Name of publisher Journal of Applied Polymer Science
Year of publication 1997
300 ## - PHYSICAL DESCRIPTION
Number of Pages 1170-1181
650 ## - SUBJECT ADDED ENTRY--TOPICAL TERM
Topical Term Interfacial tension
650 ## - SUBJECT ADDED ENTRY--TOPICAL TERM
Topical Term Polyolefin elastomer
650 ## - SUBJECT ADDED ENTRY--TOPICAL TERM
Topical Term Polypropylene
650 ## - SUBJECT ADDED ENTRY--TOPICAL TERM
Topical Term Short-chain branching
700 ## - ADDED ENTRY--PERSONAL NAME
Personal name Silvis H C
942 ## - ADDED ENTRY ELEMENTS (KOHA)
Koha item type Journals
Holdings
Withdrawn status Lost status Damaged status Not for loan Home library Current library Shelving location Date acquired Serial Enumeration / chronology Koha item type
      Journals RRII Library RRII Library Rubber chemistry 17/12/2021 Volume 66, Issue 6 Journals